Vliv americké konkurence na evropský bankovní trh

Porovnanie kapitálového trhu Európy a USA. Konkurencia amerických bánk s podporou vyspelých finančných technológií. Budúce zmeny na európskom trhu.

Gespeichert in:
Bibliographische Detailangaben
1. Verfasser: Brožová, Anna
Format: Buchkapitel
Sprache:Tschechisch
Schlagworte:
Tags: Tag hinzufügen
Keine Tags, Fügen Sie das erste Tag hinzu!

MARC

LEADER 00000naa a2200000 4500
001 r035179
005 20230929094238.3
041 0 |a cze 
044 |a CZ 
245 1 0 |a Vliv americké konkurence na evropský bankovní trh  |c Anna Brožová 
520 |a Porovnanie kapitálového trhu Európy a USA. Konkurencia amerických bánk s podporou vyspelých finančných technológií. Budúce zmeny na európskom trhu. 
610 2 0 |a bankovníctvo 
610 2 0 |a konkurencia 
610 2 0 |a USA 
610 2 0 |a Európa 
610 2 0 |a banky 
100 1 |a Brožová, Anna